|
|
|
|
| LEADER |
00663nam a2200169 a 4500 |
| 001 |
6532266 |
| 008 |
090719r19671957enk 000 1 eng d |
| 082 |
0 |
0 |
|a 823/.9/1
|2 17
|
| 100 |
1 |
|
|a Masters, John,
|d 1914-1983.
|
| 245 |
1 |
0 |
|a Far, far the mountain peak /
|c John Masters.
|
| 260 |
|
|
|a London :
|b Penguine,
|c 1957 [reprinted 1967]
|
| 300 |
|
|
|a 396 p.
|c 18 cm.
|
| 541 |
1 |
|
|e 00004586
|
| 650 |
|
0 |
|a Fiction in English.
|
| 852 |
4 |
|
|a Ayesha Abed Library
|j General shelf
|
| 999 |
|
|
|c 2841
|d 2841
|
| 952 |
|
|
|0 0
|1 4
|2 ddc
|4 1
|6 823_910000000000000_MAS
|7 0
|9 2597
|a BRACUL
|b BRACUL
|c GEN
|d 2009-07-26
|g 0.00
|l 0
|o 823.91 MAS
|p 3010004586
|r 2009-07-26
|t 1
|w 2009-07-26
|y BK
|x No price found in the accession register.
|